000 00300nam a22001457a 4500
005 20160618123100.0
008 160618b xxu||||| |||| 00| 0 eng d
041 _aeng
082 _b8119
245 _aRisk Management
260 _c2007
300 _a245
650 _aManagement
_9241
942 _cBK
999 _c3086
_d3085